000 00525cam a22002172a 4500
001 008246
003 AR-FADEU
008 311216n1994####xxu####################dd
020 _a0-19-280022-1
092 _a703
_bO99
_eEYDI
245 _aThe OXFORD dictionary of art
260 _aOxford
260 _bOxford University
260 _c1994
300 _a548 p
440 _aOxford refference
700 _aIan, Chilvers, ed.
650 _aARTE; DICCIONARIOS/REVISADO//EYDI/
546 _aInglés
942 _cEYDI
999 _c14059
_d14059